Catálogo público

Mejore Su Salud: 24 Maneras Realistas / (Record no. 175182)

MARC details
000 -CABECERA
campo de control de longitud fija 00665nam a2200241Ia 4500
001 - NÚMERO DE CONTROL
campo de control dia_4524
003 - IDENTIFICADOR DEL NÚMERO DE CONTROL
campo de control CHAP
005 - FECHA Y HORA DE LA ÚLTIMA TRANSACCIÓN
campo de control 20230621125550.0
008 - DATOS DE LONGITUD FIJA--INFORMACIÓN GENERAL
campo de control de longitud fija 220117s xx 000 0 und d
010 ## - NÚMERO DE CONTROL DE LA BIBLIOTECA DEL CONGRESO
Número de control de LC 175182
040 ## - FUENTE DE LA CATALOGACIÓN
Centro catalogador/agencia de origen MXCHPUA
082 ## - NÚMERO DE LA CLASIFICACIÓN DECIMAL DEWEY
Número de clasificación 613.6 A7
100 ## - ENTRADA PRINCIPAL--NOMBRE DE PERSONA
Nombre de persona Arnott Tim
9 (RLIN) 156101
245 ## - MENCIÓN DE TÍTULO
Título Mejore Su Salud: 24 Maneras Realistas /
Mención de responsabilidad, etc. Por Tim Arnott
260 ## - PUBLICACIÓN, DISTRIBUCIÓN, ETC.
Lugar de publicación, distribución, etc. México :
Nombre del editor, distribuidor, etc. Agencia De Publicaciones Mexico Central A.C.,
Fecha de publicación, distribución, etc.
300 ## - DESCRIPCIÓN FÍSICA
Extensión 120 P.
500 ## - NOTA GENERAL
Nota general C/E
650 ## - PUNTO DE ACCESO ADICIONAL DE MATERIA--TÉRMINO DE MATERIA
Término de materia o nombre geográfico como elemento de entrada 1.
Subdivisión general La Salud
9 (RLIN) 156102
901 ## - ELEMENTOS DE DATOS A LOCAL LDA (RLIN)
a 613.6 A7
902 ## - ELEMENTOS DE DATOS B LOCAL, LDB (RLIN)
a M
905 ## - ELEMENTOS DE DATOS E LOCAL, LDE (RLIN)
a 000000 MX A 0000000000SPA00
942 ## - ELEMENTOS DE PUNTO DE ACCESO ADICIONAL (KOHA)
Tipo de ítem Koha Libro
Fuente del sistema de clasificación o colocación Dewey Decimal Classification

No items available.